<?xml version="1.0" encoding="UTF-8"?>
<record
    xmlns:xsi="http://www.w3.org/2001/XMLSchema-instance"
    xsi:schemaLocation="http://www.loc.gov/MARC21/slim http://www.loc.gov/standards/marcxml/schema/MARC21slim.xsd"
    xmlns="http://www.loc.gov/MARC21/slim">

  <leader>03124nam a2200325   4500</leader>
  <controlfield tag="001">ESSALUD</controlfield>
  <controlfield tag="005">20260702151724.0</controlfield>
  <controlfield tag="007">ta</controlfield>
  <controlfield tag="008">      t        pe ||||| |||| 00| 0 spa d</controlfield>
  <datafield tag="040" ind1=" " ind2=" ">
    <subfield code="a">BMG</subfield>
  </datafield>
  <datafield tag="041" ind1=" " ind2=" ">
    <subfield code="a">spa</subfield>
  </datafield>
  <datafield tag="100" ind1=" " ind2=" ">
    <subfield code="a">Escate Pariona, Gustavo </subfield>
    <subfield code="e">Autor</subfield>
    <subfield code="9">48137</subfield>
  </datafield>
  <datafield tag="245" ind1=" " ind2=" ">
    <subfield code="a">La suspensi&#xF3;n imperfecta de la relaci&#xF3;n de trabajo como hostilidad laboral</subfield>
    <subfield code="b">La ocupaci&#xF3;n efectiva como contenido del derecho al trabajo</subfield>
  </datafield>
  <datafield tag="246" ind1=" " ind2=" ">
    <subfield code="a">The imperfect suspension of the employment relationship as labor hostility</subfield>
    <subfield code="b">Effective occupation as content of the right to work</subfield>
  </datafield>
  <datafield tag="300" ind1=" " ind2=" ">
    <subfield code="a">p&#xE1;ginas 140-149</subfield>
  </datafield>
  <datafield tag="520" ind1=" " ind2=" ">
    <subfield code="a">En el presente art&#xED;culo, el autor realiza un an&#xE1;lisis cr&#xED;tico de la suspensi&#xF3;n
imperfecta del contrato de trabajo desde una perspectiva doctrinaria, normativa y
jurisprudencial, evaluando su compatibilidad con el contenido esencial del derecho
constitucional al trabajo. Sostiene que la ocupaci&#xF3;n efectiva del trabajador no solo es
una obligaci&#xF3;n contractual del empleador, sino un elemento esencial para la realizaci&#xF3;n
personal, profesional y digna del trabajador. Asimismo, examina c&#xF3;mo el uso unilateral
y arbitrario de dicha figura puede constituir un acto de hostilidad laboral, especialmente
cuando afecta derechos fundamenta les como la libertad sindical. Finalmente,
destaca que el poder directriz del empleador debe ejercerse conforme a los principios
de razonabilidad y proporcionalidad, a fin de garantizar la vigencia efectiva de los derechos
fundamentales en la relaci&#xF3;n laboral.
</subfield>
  </datafield>
  <datafield tag="520" ind1=" " ind2=" ">
    <subfield code="a">In this article, the author conducts a critical analysis of the imperfect suspension of the
employment contract from a doctrinal, regulatory, and jurisprudential perspective, assessing its
compatibility with the essential content of the constitutional right to work. The author argues that
the effective occupation of the worker is not only a contractual obligation of the employer, but also
an essential element far the worker&#x2019;s personal, professional, and dignified fulfillment. Likewise, the
article examines haw the unilateral and arbitrary use of this mechanism may constitute an act of
labour hostility, especially when it affects fundamental rights such as freedom of association. Finally,
it emphasizes that the employer 's managerial authority must be exercised in accordance with the
principles of reasonableness and proportionality, in order to ensure the effective protection of
fundamental rights within the employment relationship.
</subfield>
  </datafield>
  <datafield tag="650" ind1=" " ind2=" ">
    <subfield code="a">RELACI&#xD3;N LABORAL </subfield>
    <subfield code="9">53152</subfield>
  </datafield>
  <datafield tag="650" ind1=" " ind2=" ">
    <subfield code="a">SUSPENSI&#xD3;N IMPERFECTA </subfield>
    <subfield code="9">53187</subfield>
  </datafield>
  <datafield tag="650" ind1=" " ind2=" ">
    <subfield code="a">CONTRATO DE TRABAJO</subfield>
  </datafield>
  <datafield tag="650" ind1=" " ind2=" ">
    <subfield code="a">OCUPACI&#xD3;N EFECTIVA</subfield>
    <subfield code="9">53193</subfield>
  </datafield>
  <datafield tag="650" ind1=" " ind2=" ">
    <subfield code="a">PODER DIRECTIVO</subfield>
    <subfield code="9">53194</subfield>
  </datafield>
  <datafield tag="650" ind1=" " ind2=" ">
    <subfield code="a">EMPLOYMENT RELATIONSHIP </subfield>
    <subfield code="9">53157</subfield>
  </datafield>
  <datafield tag="650" ind1=" " ind2=" ">
    <subfield code="a">IMPERFECT SUSPENSION </subfield>
    <subfield code="9">53192</subfield>
  </datafield>
  <datafield tag="650" ind1=" " ind2=" ">
    <subfield code="a">EMPLOYMENT CONTRACT </subfield>
    <subfield code="9">53188</subfield>
  </datafield>
  <datafield tag="650" ind1=" " ind2=" ">
    <subfield code="a">EFFECTIVE OCCUPATION</subfield>
    <subfield code="9">53195</subfield>
  </datafield>
  <datafield tag="650" ind1=" " ind2=" ">
    <subfield code="a">MANAGERIAL AUTHORITY</subfield>
    <subfield code="9">53196</subfield>
  </datafield>
  <datafield tag="773" ind1="0" ind2=" ">
    <subfield code="0">22614</subfield>
    <subfield code="9">22623</subfield>
    <subfield code="d">Lima Grupo Praxis Formaci&#xF3;n Profesional, 2026-</subfield>
    <subfield code="o">PRALAB001</subfield>
    <subfield code="t">Praxis Laboral &amp; Procesal Laboral</subfield>
    <subfield code="w">ESSALUD</subfield>
    <subfield code="x">3119-768X</subfield>
  </datafield>
  <datafield tag="942" ind1=" " ind2=" ">
    <subfield code="c">ARTICULOS</subfield>
    <subfield code="e">2026-07-02</subfield>
    <subfield code="z">SQB</subfield>
  </datafield>
  <datafield tag="999" ind1=" " ind2=" ">
    <subfield code="c">22626</subfield>
    <subfield code="d">22626</subfield>
  </datafield>
</record>
